000 00597nam a2200241Ia 4500
005 20260123164121.0
008 008 260114s9999 xx 000 0 eng d
020 _a9789354430565
037 _aEBOOK
040 _aCRL
040 _beng
040 _cCRL
041 _2eng
041 _aeng
084 _qCRL
100 _aBalachandran/Chandrasekaran
_91106128
245 0 _aCorporate governance, ethics&social respon 2/e
260 _bPHI
856 _uhttps://elibrary.phindia.com/ebooks/reader/9789354430565
942 _cEBOOK
999 _c1671251
_d1671251